| 000 | 01180nam a2200241Ia 4500 | ||
|---|---|---|---|
| 003 | Ost | ||
| 005 | 20260507075637.0 | ||
| 008 | 260507s9999||||xx |||||||||||||| ||und|| | ||
| 020 | _a3110219977 | ||
| 040 | _cfsecg | ||
| 041 | _aara | ||
| 082 | _a307.772 | ||
| 100 |
_aدعبس، محمد يسري ابراهيم _eمؤلف |
||
| 245 | 0 |
_aالأنماط الإستهلاكية والإدخارية في المجتمع البدوي : _bدراسة في الأنتروبولوجيا الإقتصادية / _c محمد يسري ابراهيم دعبس |
|
| 260 |
_aالإسكندرية: _bدار المعارف, _c1996 |
||
| 300 |
_a80 صفحة؛ _bإيضاحات ؛ _c24 سم |
||
| 490 |
_aسلسلة المعارف الإقتصادية والإدارية _v17 |
||
| 520 | _aأنماط التبادل في المجتمع البدوي- الأنماط الإستهلاكية والإدخارية في المجتمع البدوي- التراكم والإهدار للطاقة وللمواد في المجتمع البدوي | ||
| 653 | _aالإدخار | ||
| 653 | _aالتبادل | ||
| 653 | _aعلم الاجتماع الاقتصادي، التجارة | ||
| 942 | _cكتاب | ||
| 999 |
_c45321 _d45321 |
||